000
00291nam a2200121Ia 4500
008
140130s9999 xx 000 0 und d
245
_c
Hugo, Victor
_a
Les miserables (adapted)
260
_b
Scholastic,
_c
2005
440
_v
1
521
_a
Grade 5 - Grade 8
942
_c
BK
999
_c
41327
_d
41327